Statistiques concernant Paroles Je viens du Sud-Chimène Badi

Cliquez ici pour prendre le quiz!

Statistiques générales

  • Ce quiz a été pris 159 fois
  • Le résultat moyen est 176 sur 222

Statistiques - réponses

Réponse% Correct
le
100%
du
99%
Je
99%
la
99%
sud
99%
vie
99%
viens
99%
dans
98%
De
98%
de
98%
Et
98%
les
98%
Les
98%
par
98%
tout
97%
chemins
96%
Un
96%
cœur
95%
J'ai
95%
Que
95%
J'y
94%
mélancolie
93%
à
92%
a
92%
ma
91%
d'Italie
90%
Quelque
88%
quelque
88%
Des
86%
reviens
86%
vin
86%
mon
85%
part
84%
Une
84%
pour
82%
Pour
82%
barbare
80%
qui
80%
d'un
79%
d'eau
78%
Mélange
78%
en
75%
75%
au
73%
campagne
73%
l'eau
73%
mer
72%
m'ont
72%
sang
72%
aller
69%
chose
69%
ciel
68%
deux
68%
mes
68%
montagne
68%
chevaux
67%
puiser
67%
est
66%
Tiré
66%
mémoire
65%
sont
65%
voix
65%
chant
61%
fond
61%
jours
60%
Jours
60%
cimetière
59%
père
59%
soirs
59%
toute
59%
certains
58%
maison
58%
repos
58%
sentier
57%
couché
55%
moi
55%
vents
55%
Quand
54%
pierres
53%
rongée
53%
très
52%
femme
50%
mariage
50%
déjeuner
48%
Après
47%
croix
47%
d'autrefois
47%
noir
47%
vieille
47%
Au-dessus
46%
crie
46%
soufflées
46%
interminables
45%
Qu'une
45%
colères
44%
monumentales
44%
penchées
44%
lumières
43%
j'aurai
42%
besoin
41%
Illuminait
41%
discours
40%
chants
39%
horloges
39%
l'heure
38%
remettre
38%
L'envie
34%
barbares
31%
jardin
27%

Distribution des résultats

Percentile par nombre de réponses

% des personnes avec chaque résultat

Votre développement - résultats

Vous n’avez pas pris ce quiz